00297nam a2200121Ia 4500008004100000020001600041082001900057100003300076245003400109260000900143300000800152650001500160230312s9999||||xx |||||||||||||| ||und|| a97892520732 a302.230bJUU-M aJuulie keane and jan mcmahon 0aMedia production and analysis c2015 a286 aManagement